| 000 | 00831nam a2200253Ia 4500 | ||
|---|---|---|---|
| 003 | OSt | ||
| 005 | 20220918171426.0 | ||
| 006 | a|||||r|||| 00| 0 | ||
| 007 | ta | ||
| 008 | 220917b |||||||| |||| 00| 0 eng d | ||
| 020 |
_a9781783272228 _cUKP 60.00 |
||
| 024 | _a352,795 | ||
| 037 |
_b4406, 12/02/2020, Govinda Book House _cTextual |
||
| 040 |
_aARTS _cARTS _beng |
||
| 041 |
_2eng _aeng |
||
| 082 | _aV53.J, Q8 | ||
| 100 |
_aPark Danielle E.A. Au. _936491 |
||
| 245 | 0 |
_aPapal protection and the crusader _b flanders, champagne, and the kingdom of France, 1095-1222 |
|
| 260 |
_aNew York _bBoydell Press USA _c2018 |
||
| 300 |
_ax,244p. _ccm. |
||
| 650 |
_aFRANCE - HISTORY _910715 |
||
| 942 |
_hV53.J, Q8 _cTEXL _2CC |
||
| 999 |
_c139518 _d139518 |
||